Estrategias para comprender y producir ensayos: análisis y escritura de un género discursivo

Saved in:
Bibliografiske detaljer
Hovedforfatter: Matteucci, Norma (autora)
Format: Bog
Sprog:spansk
Udgivet: Buenos Aires Noveduc 2013
Udgivelse:1a. ed
Serier:Colección Universidad, 2
Fag:
Tags: Tilføj Tag
Ingen Tags, Vær først til at tagge denne postø!

MARC

LEADER 00000cam a2200000 a 4500
001 UCC3548
003 CL-VaPUC
008 180527e20130300ag |||||||||||||||||spa|d
020 |a 9789875383449 
082 0 4 |a 808.42  |b MAT  |2 21 
100 |a Matteucci, Norma  |e autora  |9 597574 
245 1 0 |a Estrategias para comprender y producir ensayos: análisis y escritura de un género discursivo 
250 |a 1a. ed 
300 |a 94 p 
942 |c BK 
945 |d 20180527 18:33:00  |a arojas 
260 |a Buenos Aires  |b Noveduc  |c 2013 
650 0 |a Escritos académicos  |9 542316 
650 0 |a Escritura  |9 264941 
650 0 |a Ensayos  |9 268724 
650 0 |a Discursos académicos   |9 472395 
583 |a last modification  |c 20180527 18:33:00  |k Rodrigo Vera 
490 0 |a Colección Universidad, 2 
999 |c 371246  |d 371244 
952 |0 0  |1 0  |3 erb  |4 0  |6 808_420000000000000_MAT_2013  |7 0  |8 A  |9 488176  |a BIBEDU  |b BIBEDU  |i 5470471  |l 1  |o 808.42 MAT 2013  |p 5470471  |r 2024-03-07  |s 2024-03-07  |w 2019-11-24  |y BK  |z Catalogado en:20180527  |k FIL